000 00442nam a22001457a 4500
005 20170828144438.0
020 _a8173914109
_c00.00
035 _aB-058643
037 _aDPL
_bENG
100 _aGandhi, Ved Prakash
245 _aA first course in practical journalism /
_cby Ved Prakash Gandhi
260 _aNew Delhi
_bKanishka Publishers, Distributors
_c2001
300 _av, 235p.
_c22 cms.
942 _2ddc
_cEN
_h070.4
_mGAN
999 _c63683
_d63683